000
00298nam a22001337a 4500
008
180109b xxu||||| |||| 00| 0 eng d
020
_a
3790804320
041
_a
eng
080
_a
33
100
_a
52
101
_a
EKO
245
_a
ECONOMETRICS OF STRUCTURAL CHANGE
_c
KRAMER,W
942
_2
udc
_c
BK
999
_c
39825
_d
39825